Prācīna Bhāratīya lokadharma. (Record no. 63723)

MARC details
000 -LEADER
fixed length control field 00632cam a22002411 4500
001 - CONTROL NUMBER
control field sa 65004390
003 - CONTROL NUMBER IDENTIFIER
control field DLC
005 - DATE AND TIME OF LATEST TRANSACTION
control field 20260227112130.0
008 - FIXED-LENGTH DATA ELEMENTS--GENERAL INFORMATION
fixed length control field 890721s1964 ii b 000 0 hino
010 ## - LIBRARY OF CONGRESS CONTROL NUMBER
LC control number sa 65004390
035 ## - SYSTEM CONTROL NUMBER
System control number (OCoLC)20052995
040 ## - CATALOGING SOURCE
Original cataloging agency DLC
Transcribing agency WaU
Modifying agency DLC
042 ## - AUTHENTICATION CODE
Authentication code premarc
050 00 - LIBRARY OF CONGRESS CALL NUMBER
Classification number BL1212
Item number .A3
100 1# - MAIN ENTRY--PERSONAL NAME
Personal name Agrawala, Vasudeva Sharana.
245 10 - TITLE STATEMENT
Title Prācīna Bhāratīya lokadharma.
260 ## - PUBLICATION, DISTRIBUTION, ETC.
Date of publication, distribution, etc. [1964]
300 ## - PHYSICAL DESCRIPTION
Extent 16, 160 p.
Dimensions 22 cm.
440 #0 - SERIES STATEMENT/ADDED ENTRY--TITLE
Title Jñānodaya granthamālā,
Volume/sequential designation 3
500 ## - GENERAL NOTE
General note In Hindi.
504 ## - BIBLIOGRAPHY, ETC. NOTE
Bibliography, etc. note Bibliographical footnotes.
650 #0 - SUBJECT ADDED ENTRY--TOPICAL TERM
Topical term or geographic name entry element Fasts and feasts
General subdivision Hinduism.

No items available.

Powered by Koha